| 000 | 00793cam a22002533 4500 | ||
|---|---|---|---|
| 001 | 85942 | ||
| 005 | 20230410103950.0 | ||
| 008 | 100113s2009 xx 000 0 spa d | ||
| 035 | _a(OCoLC)ocn500783899 | ||
| 040 |
_aBTCTA _beng _cBTCTA _dYDXCP |
||
| 020 | _a9788492801060 | ||
| 020 | _a8492801069 | ||
| 035 | _a(OCoLC)500783899 | ||
| 050 | 1 | 4 | _aAL473 |
| 245 | 0 | 0 |
_aLa Bolsa en tu bolsillo/ The Stock Market in your Pocket _bGuia Facil Para Entender La Bolsa Y El Mercado De Valores/ Easy Guide to Understand the Stock Market. |
| 260 |
_bBooks4Pocket _c2009. |
||
| 300 |
_ap. _ccm. |
||
| 720 | _aAlvarez, Francisco | ||
| 938 |
_aBaker and Taylor _bBTCP _nBK0008717002 |
||
| 938 |
_aYBP Library Services _bYANK _n3149461 |
||
| 942 |
_2lcc _cbk |
||
| 946 | _arpeƱa | ||
| 994 |
_aC0 _bDRFGD |
||
| 999 |
_c29372 _d29372 |
||